| 000 | 01479cad a22002535a 4500 | ||
|---|---|---|---|
| 001 | E147999 | ||
| 008 | 090713s2009 xxkao f f000 0 eng d | ||
| 035 | _a(Sirsi) u147999 | ||
| 041 | 0 | _aeng | |
| 050 | 0 | 4 | _a306.1 $2 18 |
| 110 | 1 |
_aLondon Development Agency _95482 |
|
| 245 | 0 | 0 |
_aLondon housing design guide _bdraft for consultation _h[electronic resource] |
| 260 |
_aLondon _bLDA _c2009 |
||
| 505 | 2 | _aShaping good places -- Housing for a diverse city -- From street to front door -- Dwelling space standards -- Homes as a place of retreat -- Climate change mitigation and adaptation -- Design process -- Appendices | |
| 520 | _aConsultation document seeking views on a proposed design guide aimed at simplifying and unifying current standards to clarify what is expected of such housing developments from the outset. The guide identifies the key design issues that should be taken into account at the start of a project, and suggests improvements in the development process so that design is a priority throughout the project. | ||
| 520 | _aDeadline for comments is 30 September 2009. | ||
| 521 | _aAdvanced | ||
| 590 | _aKA NTK | ||
| 651 | 4 | _aLondon | |
| 690 | _aENVIRONMENTAL AND LAND CONSULTANCY-PLANNING AND DEVELOPMENT | ||
| 690 | _aPROPERTY-RESIDENTIAL PROPERTY-DOMESTIC RESIDENTIAL PROPERTY-HOUSING | ||
| 856 | 4 | 0 |
_uhttps://www.london.gov.uk/mayor/publications/2009/07/housing-design.jsp _zView the item free of charge at www.london.gov.uk... |
| 942 | _n0 | ||
| 999 |
_c109833 _d109833 |
||